<?xml version="1.0" encoding="UTF-8"?>
<record
    xmlns:xsi="http://www.w3.org/2001/XMLSchema-instance"
    xsi:schemaLocation="http://www.loc.gov/MARC21/slim http://www.loc.gov/standards/marcxml/schema/MARC21slim.xsd"
    xmlns="http://www.loc.gov/MARC21/slim">

  <leader>00642na  a2200217   4500</leader>
  <controlfield tag="001">19127</controlfield>
  <controlfield tag="003">MIRAKIL</controlfield>
  <controlfield tag="005">20181213155055.0</controlfield>
  <controlfield tag="008">161208b        tu            000 0      </controlfield>
  <datafield tag="040" ind1=" " ind2=" ">
    <subfield code="a">Milas</subfield>
    <subfield code="b">tur</subfield>
    <subfield code="c">TR-AnCHP</subfield>
  </datafield>
  <datafield tag="041" ind1=" " ind2=" ">
    <subfield code="a">tur</subfield>
  </datafield>
  <datafield tag="082" ind1=" " ind2=" ">
    <subfield code="a">370.9561</subfield>
    <subfield code="b">T96 2001</subfield>
  </datafield>
  <datafield tag="090" ind1=" " ind2=" ">
    <subfield code="a">370.9561 T96 2001</subfield>
  </datafield>
  <datafield tag="111" ind1=" " ind2=" ">
    <subfield code="a">"T&#xFC;rkiye'nin yeniden yap&#x131;lanmas&#x131;"</subfield>
    <subfield code="c">&#x130;zmir</subfield>
    <subfield code="d">2001</subfield>
    <subfield code="n">10</subfield>
  </datafield>
  <datafield tag="245" ind1=" " ind2=" ">
    <subfield code="a">"T&#xFC;rkiye'nin yeniden yap&#x131;lanmas&#x131;"</subfield>
    <subfield code="b">22-25 &#x15E;ubat 2001</subfield>
    <subfield code="c">Ege- Koop</subfield>
  </datafield>
  <datafield tag="260" ind1=" " ind2=" ">
    <subfield code="a">&#x130;zmir</subfield>
    <subfield code="b">Ege- Koop</subfield>
    <subfield code="c">2001</subfield>
  </datafield>
  <datafield tag="300" ind1=" " ind2=" ">
    <subfield code="a">354  s.</subfield>
    <subfield code="b">fotg.</subfield>
    <subfield code="c">20 sm.</subfield>
  </datafield>
  <datafield tag="650" ind1=" " ind2=" ">
    <subfield code="a">E&#x11F;itim</subfield>
    <subfield code="x">Toplant&#x131;lar</subfield>
    <subfield code="z">T&#xFC;rkiye</subfield>
  </datafield>
  <datafield tag="740" ind1=" " ind2=" ">
    <subfield code="a">10. E&#x11F;itim semineri</subfield>
  </datafield>
  <datafield tag="942" ind1=" " ind2=" ">
    <subfield code="2">dcc</subfield>
    <subfield code="c">BKS</subfield>
  </datafield>
  <datafield tag="952" ind1=" " ind2=" ">
    <subfield code="a">0001</subfield>
    <subfield code="b">0001</subfield>
    <subfield code="d">2016-12-08</subfield>
    <subfield code="e">2</subfield>
    <subfield code="l">0</subfield>
    <subfield code="o">370.9561 T96 2001</subfield>
    <subfield code="p">010601</subfield>
    <subfield code="r">2016-12-08 00:00:00</subfield>
    <subfield code="v">0.00</subfield>
    <subfield code="w">2016-12-08</subfield>
    <subfield code="y">BKS</subfield>
  </datafield>
  <datafield tag="999" ind1=" " ind2=" ">
    <subfield code="c">6083</subfield>
    <subfield code="d">6083</subfield>
  </datafield>
</record>
